[Event "Kronach Oberfranken Cup"]
[Site "Kronach"]
[Date "2022.07.03"]
[Round "5"]
[White "Koppe, Connor"]
[Black "Rierl, Klaus"]
[Result "1/2-1/2"]
[WhiteElo "1653"]
[BlackElo "1737"]
[PlyCount "61"]
[EventDate "2022.07.01"]
[EventType "swiss"]
[EventRounds "5"]
[EventCountry "GER"]
[SourceTitle "EXT 2023"]
[Source "ChessBase"]
[SourceDate "2022.10.05"]
[SourceVersion "1"]
[SourceVersionDate "2022.10.05"]
[SourceQuality "1"]

1. e4 d5 2. exd5 Qxd5 3. Nf3 Nf6 4. c4 Qa5 5. Nc3 c6 6. Be2 Bg4 7. 0-0 e6 8. d4 Be7 9. Bf4 0-0 10. h3 Bxf3 11. Bxf3 Qb6 12. b3 Nbd7 13. d5 cxd5 14. cxd5 Nxd5 15. Nxd5 exd5 16. Qxd5 Nc5 17. Be3 Rad8 18. Bxc5 Bxc5 19. Qxb7 Qxb7 20. Bxb7 Rd2 21. Rac1 Bb6 22. a4 g6 23. Rc3 Re8 24. Ba6 Re6 25. Bb7 Rxf2 26. Rxf2 Re1+ 27. Kh2 Bxf2 28. Bd5 Bg1+ 29. Kg3 Re3+ 30. Rxe3 Bxe3 31. Kf3 1/2-1/2

[Event "GER-chT School WK 3"]
[Site "Playchess.com INT"]
[Date "2020.06.15"]
[Round "4.1"]
[White "Koppe, Connor"]
[Black "Ohler, Julius"]
[Result "1-0"]
[WhiteElo "1766"]
[BlackElo "1845"]
[PlyCount "65"]
[EventDate "2020.06.15"]
[EventType "team-swiss (blitz)"]
[EventRounds "5"]
[EventCountry "GER"]
[SourceTitle "EXT 2021"]
[Source "ChessBase"]
[SourceDate "2020.10.23"]
[SourceVersion "1"]
[SourceVersionDate "2020.10.23"]
[SourceQuality "1"]
[WhiteTeam "Naila Hochfranken Gymn"]
[BlackTeam "Trier MGP"]
[WhiteTeamCountry "GER"]
[BlackTeamCountry "GER"]

1. d4 Nf6 2. c4 e6 3. Nc3 Bb4 4. Qc2 d5 5. Nf3 0-0 6. Bg5 c6 7. e3 Nbd7 8. Bd3 h6 9. Bxf6 Nxf6 10. 0-0 b6 11. a3 Be7 12. b4 Bb7 13. c5 b5 14. a4 a6 15. Ra3 Qc7 16. Rfa1 Nd7 17. axb5 axb5 18. Rxa8 Rxa8 19. Rxa8+ Bxa8 20. Qa2 Bb7 21. Qa7 Bf6 22. h3 e5 23. Bf5 exd4 24. exd4 Nf8 25. Ne2 Ne6 26. Bxe6 fxe6 27. Ng3 Kh7 28. Nh5 Bd8 29. Ne5 g6 30. Nf4 Bf6 31. Nfxg6 Kg7 32. Nf4 Qc8 33. Nh5+ 1-0